000 00345nam a2200145Ia 4500
008 230917s9999||||xx |||||||||||||| ||und||
040 _e35114
_aMAIN
041 _aEnglish
082 _a342.63 R311H
100 _aResearch Board
245 0 _aHow Ethopia & Morocco is governed
260 _aDelhi
_bResearch
300 _a59 p.
942 _cBK
999 _c199390
_d199390